| 000 | 00817nam a22002057a 4500 | ||
|---|---|---|---|
| 999 |
_c19676 _d19676 |
||
| 003 | AR-CdUCM | ||
| 008 | 190520b ||||| |||| 00| 0 spa d | ||
| 040 |
_aMUNICIPALIDAD PROVINCIAL DEL CUSCO _cBIBLIOTECA MUNICIPAL DEL CUSCO |
||
| 082 |
_a980 / _bM562 |
||
| 100 |
_aMerino Schroder, Miguel V. _941159 |
||
| 245 |
_aEl Portete de Tarqui Victoria peruana : _bnuestra lucha por la independencia, desde el asesinato del Atahualpa, hasta la guerra de 1828 / |
||
| 260 |
_aCallao : _bColegio militar Leoncio Prado, _c1950. |
||
| 300 |
_a343 páginas ; _bRetratos, _c22 cm. |
||
| 505 | _aContenido: Mi propósito -- Dedicatoria -- Renuncia -- Fotograbado del autor... | ||
| 650 |
_aHistoria peruana _91316 |
||
| 650 |
_aLucha _922084 |
||
| 650 |
_aIndependencia _9625 |
||
| 942 |
_2ddc _cLIBROS |
||
| 945 |
_adavv _d2019-05-20 |
||